<?xml version="1.0" encoding="UTF-8"?><OAI-PMH xmlns="http://www.openarchives.org/OAI/2.0/" xmlns:xsi="http://www.w3.org/2001/XMLSchema-instance"     xsi:schemaLocation="http://www.openarchives.org/OAI/2.0/ http://www.openarchives.org/OAI/2.0/OAI-PMH.xsd"><responseDate>2026-06-06T12:19:01Z</responseDate><request verb="GetRecord" identifier="oai:regmurcia.com:fintegr.4428" metadataPrefix="marc21">http://oai.regmurcia.com/oai2/oai2.php</request><GetRecord><record><header><identifier>oai:regmurcia.com:fintegr.4428</identifier><datestamp>2026-06-06</datestamp><setSpec>documentos</setSpec></header><metadata><record  xmlns="http://www.loc.gov/MARC21/slim" xmlns:xsi="http://www.w3.org/2001/XMLSchema-instance" xsi:schemaLocation="http://www.loc.gov/MARC21/slim http://www.loc.gov/standards/marcxml/schema/MARC21slim.xsd" type="Bibliographic"><leader>00000nam a2200000   4500</leader><controlfield tag="001" >005129620</controlfield><controlfield tag="003" >4428</controlfield><controlfield tag="004" >A00000000</controlfield><datafield tag="245" ind1=" " ind2=" "><subfield code="a">Comunicación del gobernador presidente de la Junta provincial de agricultura, industria y comercio de Murcia sobre recibo de objetos para la exposición de Filadelphia</subfield></datafield><datafield tag="300" ind1=" " ind2=" "><subfield code="a">4 pp</subfield></datafield><datafield tag="351" ind1=" " ind2=" "><subfield code="a">Unidad Documental Simple</subfield><subfield code="c">RSEAPMUR. Array</subfield><subfield code="a">Unidad Documental Simple</subfield><subfield code="c">RSEAPMUR. Array</subfield></datafield><datafield tag="520" ind1=" " ind2=" "><subfield code="a">Se solicita por el presidente de la Junta de agricultura, comercio e industria acuse recibo a la autoridad competente.
Se incluye borrador del 26 de abril de 1876 remitido a la Junta de Agricultura dando cuenta de haber recibido documento que acredita haber recibido en el depósito los objetos que esta Sociedad envía a la Exposición.
Se incluye nota de libramiento para la Mascarada, entierro de la Sardina</subfield></datafield><datafield tag="535" ind1=" " ind2=" "><subfield code="a">L120 C04 D03</subfield></datafield><datafield tag="583" ind1=" " ind2=" "><subfield code="u">http://www.regmurcia.com/servlet/s.Sl?METHOD=VERDOCUMENTO&amp;sit=serv,Carmesi&amp;n=/23/11184/C04_D03/indice.djvu</subfield></datafield><datafield tag="592" ind1=" " ind2=" "><subfield code="a">1876</subfield></datafield><datafield tag="592" ind1=" " ind2=" "><subfield code="d">1876-12-31 00:00:00</subfield></datafield><datafield tag="786" ind1=" " ind2=" "><subfield code="o">http://www.regmurcia.com/servlet/s.Sl?METHOD=VERDOCUMENTO&amp;sit=serv,Carmesi&amp;n=/23/11184/C04_D03/indice.djvu</subfield></datafield><datafield tag="856" ind1=" " ind2=" "><subfield code="u">http://www.regmurcia.com/servlet/s.Sl?METHOD=DETALLE&amp;sit=c,373,m,139,serv,Carmesi&amp;id=4428</subfield></datafield></record></metadata></record></GetRecord></OAI-PMH>
